L'artisanat dans les cites antiques de l'Algérie : (Ier siècle avant notre ère - VIIe siècle après notre ère) /

This text examines the artisans of ancient North Africa as its core subject. Focusing on urban production in Algeria during Antiquity, this critical study brings together new documentation drawn up on the basis of field data and the consultation of archives from a long history of survey in Algeria a...

وصف كامل

محفوظ في:

المؤلف الرئيسي: Amraoui, Touatia (مؤلف)

التنسيق: كتاب الكتروني

اللغة: French

منشور في: Summertown, Oxford : Archaeopress Publishing Ltd, 2017.

سلاسل: Archaeopress Roman archaeology ; 26.

الموضوعات:

الوصول للمادة أونلاين: Login to view Source

الوسوم: إضافة وسم

لا توجد وسوم, كن أول من يضع وسما على هذه التسجيلة!

رقم الطلب: DT170

LEADER 01946nam a2200409 i 4500
001 EDZ0001939542
003 StDuBDS
005 20230412182022.0
006 m|||||o||d||||||||
007 cr |||||||||||
008 170801s2017 enka fo 000|0|fre|d
020 |a 9781784916688 (ebook) :  |c No price 
040 |a StDuBDS  |b eng  |c StDuBDS  |e rda  |e pn 
050 4 |a DT170 
082 0 4 |a 939.7  |2 23 
100 1 |a Amraoui, Touatia,  |e author. 
245 1 2 |a L'artisanat dans les cites antiques de l'Algérie :  |b (Ier siècle avant notre ère - VIIe siècle après notre ère) /  |c by Touatia Amraoui. 
264 1 |a Summertown, Oxford :  |b Archaeopress Publishing Ltd,  |c 2017. 
300 |a 1 online resource (xx, 426 pages) :  |b illustrations (black and white, and colour). 
336 |a text  |2 rdacontent 
336 |a still image  |2 rdacontent 
337 |a computer  |2 rdamedia 
338 |a online resource  |2 rdacarrier 
490 1 |a Archaeopress Roman archaeology ;  |v 26 
500 |a Previously issued in print: 2017. 
520 8 |a This text examines the artisans of ancient North Africa as its core subject. Focusing on urban production in Algeria during Antiquity, this critical study brings together new documentation drawn up on the basis of field data and the consultation of archives from a long history of survey in Algeria and France. 
521 |a Specialized. 
588 |a Description based on online resource; title from home page (viewed on September 24, 2018). 
651 0 |a Algeria  |x Antiquities, Roman. 
650 0 |a Artisans  |z Algeria. 
650 0 |a Excavations (Archaeology)  |z Algeria. 
776 0 8 |i Print version :  |z 9781784916671 
830 0 |a Archaeopress Roman archaeology ;  |v 26. 
856 4 0 |3 Archaeopress  |u http://library.arce.org:8087/Archaeopress/Products/9781784916671 
942 |2 lcc  |c EBOOK 
952 |0 0  |1 0  |4 0  |6 DT0170  |7 1  |9 46305  |a ARCH  |b ARCH  |d 2023-04-12  |l 0  |o DT170  |r 2023-04-12 00:00:00  |w 2023-04-12  |y EBOOK 
999 |c 51963  |d 51963